000 00621cam a2200217 4500
001 B1891
008 090401t1988 xxu||||| |||| 00| 0 eng d
035 _a(Sirsi) u46912
041 _aeng
050 _a690.24
110 _aBuilding Maintenance Information Ltd
_92307
245 _aMaintenance cost trends (wall chart) 1988
260 _aKingston upon Thames
_bBuilding Maintenance Information Ltd
_c1988
300 _a1 wall chart : col. ; 60x32cm.
350 _a3
650 _aBUILT ENVIRONMENT-BUILDING COSTS
650 _aRefurbishment
_96264
650 _aWALL CHARTS
942 _n0
948 _c04/03/1997
999 _c92039
_d92039